Ensayo teórico de derecho natural, apoyado en los hechos : tomo primero /

Contiene: Libro Primero “De la conducta individual o del acto humano, considerado en el individuo”: 1) Del bien en general, de la felicidad y de la perfección, 2) Del objeto en que se encuentra el bien, la felicidad, la perfección propia del hombre, 3) De la libertad, 4) Del sentido moral y sus prin...

Descripció completa

Guardat en:
Dades bibliogràfiques
Autor principal: Taparelli, Luigi (autor)
Altres autors: Orti y Lara, Juan Manuel (traducción) (traducción)
Format: Llibre
Idioma:espanyol
Edició:2a edición
Matèries:
Etiquetes: Afegir etiqueta
Sense etiquetes, Sigues el primer a etiquetar aquest registre!

MARC

LEADER 00000nam^a2200000^a^4500
001 000368792
005 20250526000000.0
009 20260526142246.658
037 |a Acervo Xavier Clavigero 
041 |a ESP 
082 |a 340. 112  |b TAP V. 1 
100 |a Taparelli, Luigi  |e (autor) 
240 1 1 |a [Ensayo teórico de derecho natural, apoyado en los hechos] 
245 1 0 |a Ensayo teórico de derecho natural, apoyado en los hechos :  |b tomo primero /  |c L. Taparelli ; tr. por J.M. Orti y Lara. 
250 |a 2a edición 
264 |a Madrid, España :  |b Imprenta de San José,  |c 1884 
300 |a 584 p. ;  |c 23.0 cm. 
336 |a texto  |b txt  |2 rdacontenido 
337 |a sin mediación  |b n  |2 rdamedio 
338 |a volumen  |b nc  |2 rdasoporte 
520 |a Contiene: Libro Primero “De la conducta individual o del acto humano, considerado en el individuo”: 1) Del bien en general, de la felicidad y de la perfección, 2) Del objeto en que se encuentra el bien, la felicidad, la perfección propia del hombre, 3) De la libertad, 4) Del sentido moral y sus principios, 5) Aplicación del sentido moral, conciencia, 6) Consecuencias del sentido moral, rectitud y malicia, bien y mal, virtud y vicio, 7) Tendencias que resultan de la aprehensión o de la voluntad, de las pasiones, de los hábitos, 8) Moralidad de los actos humanos, 9) Deberes, primeramente para con Dios, 10) Deberes del hombre para consigo mismo ; Libro Segundo “Teoría del ser social” : 1) Naturaleza de la sociedad, 2) Origen de la sociedad, 3) Nociones del derecho y de la justicia social, 4) Desenvolvimiento de los derechos y deberes sociales, 5) De la autoridad, 6) De la sociedad en concreto, su índole, su origen, 7) De la autoridad en concreto, 8) Grados de la autoridad, soberanía, 9) Desenvolvimiento de la sociedad, sus formas, 10) Del pacto social, 11) Epílogo de la teoría del ser social que hemos propuesto ; Libro Tercero “De la acción del hombre en la formación de la sociedad” : 1) Solución del problema fundamental, 2) Teoría de las leyes de la acción social en el acto de nacer la sociedad natural, 3) Leyes que forman la sociedad voluntaria, 4) Leyes relativas a la formación de la sociedad obligatoria, 5) Del gobierno de hecho, 6) Grados de subordinación entre sociedades diversas, o sea derecho hipotático ; Libro Cuarto “Leyes que regulan la acción de la sociedad ya formada” : 1) Consideraciones generales acerca de la acción de la sociedad ya formada, 2) De la acción cívica, materia, modos y medios, 3) Deber de protección cívica, 4) De la acción social promoviendo civilmente la perfección de la sociedad, 5) Epílogo del presente libro. 
561 |a Ex libris manuscrito de Vicente M. Aceves 
561 |a Ex libris de Vicente M. Aceves, presbítero 
561 |a Ex libris de Bibliotheca Coll. Max. Ysletensis S.J. 
561 |a Ex libris de Bibliotheca Collegii Maximi Prov. Mexicanae, S.J. 
561 |a Ex libris de Librería del Sagrado Corazón de Jesús Juan de la Fuente Párres 
649 |a XX 
650 |a Autoridad 
650 |a Ser Social 
650 |a Vicios 
650 |a Delitos -  |x Teoría 
650 |a Deber 
650 |a Bien Común 
650 |a Bien y Mal 
650 |a Orden Social 
650 |a Contrato Social 
650 |a Soberanía 
650 |a Justicia e Injusticia 
650 |a Ley (Teoría) 
650 |a Ontología 
650 |a Jusnaturalismo 
650 |a Derechos Humanos 
650 |a Derecho y Etica 
650 |a Derecho y Política 
650 |a Derecho Natural -  |x Teoría -  |x Tema Principal 
650 |a Derecho -  |x Filosofía 
650 |a Derecho -  |x Teoría 
700 |a Orti y Lara, Juan Manuel  |e (traducción) 
910 |a Fondo General 
920 |a Impresos - Libros 
930 |a Libros Antiguos y Raros 
905 |a 108 
901 |a 0500262501  |b IT2  |c LRA  |u 20250526 
902 |a https://opac.biblio.iteso.mx/vufind/Record/000368792